| 000 | 00996nmm a2200277 a 4500 | ||
|---|---|---|---|
| 001 | ocm0001732476 | ||
| 003 | TR-IsHL | ||
| 005 | 20201028171145.0 | ||
| 008 | 180222s2017 tu eng | ||
| 007 | cr cn | ||
| 020 | _a9786059496827 | ||
| 035 |
_a1732476 _b(N$T) |
||
| 050 | 0 | 4 |
_aPZ7 _b.P993 2017 |
| 090 | 0 | 4 |
_aPZ7 _b.P993 2017 |
| 100 | 1 | _aPyle, Howard | |
| 245 | 1 | 0 |
_aMen of iron _h[electronic resource] / _cHoward Pyle ; illustrated by Howard Pyle |
| 260 |
_aİstanbul : _be-Kitap Projesi & Cheapest Books, _c2017 |
||
| 300 | _a299 p. | ||
| 650 | 4 | _aDil ve Edebiyat | |
| 650 | 4 | _aLanguage and Literature | |
| 650 | 0 |
_aBüyük Britanya _x Tarih _x IV. Henry, 1399-1413 _x Roman |
|
| 650 | 0 |
_aGreat Britain _x History _x Henry IV, 1399-1413 _x Fiction |
|
| 650 | 7 |
_aLITERARY COLLECTIONS / European / English, Irish, Scottish, Welsh _2bisacsh |
|
| 700 | 1 | _aPyle, Howard | |
| 856 | 4 | 0 | _uhttp://search.ebscohost.com/login.aspx?direct=true&scope=site&db=e011xww&AN=1732476 |
| 999 |
_c16632 _d16632 |
||